000 00330nam a22001337a 4500
008 181101b xxu||||| |||| 00| 0 eng d
020 _a37072
041 _aeng
080 _a510
100 _a36
101 _aMAT
245 _aMathematics Applied to Deterministric Problems in the Natural Sciences
_cLin, C.C
942 _2udc
_cBK
999 _c51542
_d51542